Digital signal prosessing: A system design approach /
Salvato in:
| Autori principali: | , , |
|---|---|
| Natura: | Libro |
| Lingua: | inglese |
| Pubblicazione: |
New York :
John Wiley & Sons,
1988
|
| Edizione: | 1.vyd. |
| Soggetti: | |
| Tags: |
Nessun Tag, puoi essere il primo ad aggiungerne!!
|
MARC
| LEADER | 00000nam a22000003a 4500 | ||
|---|---|---|---|
| 001 | stu5199 | ||
| 005 | 20190206124540.0 | ||
| 008 | 940303s1988----xxu-----------------eng-d | ||
| 020 | |a 0-471-63765-3 | ||
| 040 | |a STU |b slo | ||
| 041 | 0 | |a eng | |
| 044 | |a xxu | ||
| 080 | |a 621.391.8.037.37 | ||
| 080 | |a 621.37.037.37 | ||
| 100 | 1 | |a DeFatta, Davis J |4 aut | |
| 245 | 1 | |a Digital signal prosessing: A system design approach / |c [aut.] DeFatta,Davis J.; Lucas,Joseph G.; Hodkiss,William S | |
| 250 | |a 1.vyd. | ||
| 260 | |a New York : |b John Wiley & Sons, |c 1988 | ||
| 300 | |a 661 s | ||
| 650 | 7 | |a digitálne signály |2 stusub | |
| 650 | 7 | |a číslicové sústavy |2 stusub | |
| 650 | 7 | |a spracovanie číslicových signálov |2 stusub | |
| 700 | 1 | |a Lucas, Joseph G |4 aut | |
| 700 | 1 | |a Hodkiss, William S |4 aut | |
| 996 | |b E78820 |c E*78820 |l EE01 |s A |a 24 |w stu5199_0001 | ||